BOOKLYST MASTER CHEMISTRY: LEARNER'S BOOK, GRADE 10 (Record no. 216769)
[ view plain ]
| 000 -LEADER | |
|---|---|
| fixed length control field | 00492nam a22001577a 4500 |
| 008 - FIXED-LENGTH DATA ELEMENTS--GENERAL INFORMATION | |
| fixed length control field | 260303b |||||||| |||| 00| 0 eng d |
| 020 ## - INTERNATIONAL STANDARD BOOK NUMBER | |
| International Standard Book Number | 978-9914-51-155-0 |
| 100 ## - MAIN ENTRY--PERSONAL NAME | |
| Personal name | MAKUNGU, LILIAN |
| 245 ## - TITLE STATEMENT | |
| Title | BOOKLYST MASTER CHEMISTRY: LEARNER'S BOOK, GRADE 10 |
| 260 ## - PUBLICATION, DISTRIBUTION, ETC. | |
| Place of publication, distribution, etc. | NAIROBI |
| Name of publisher, distributor, etc. | BOOKLYST PRESS LIMITED |
| 300 ## - PHYSICAL DESCRIPTION | |
| Extent | IV, 180P. |
| 650 ## - SUBJECT ADDED ENTRY | |
| Topical term or geographic name entry element | CHEMISTRY-TEXBOOK-STUDY AND TEACHING (SECONDARY) |
| 700 ## - ADDED ENTRY--PERSONAL NAME | |
| Personal name | I. ILUSA, FAVOUR. II. MAINGI, FRANCIS |
| 942 ## - ADDED ENTRY ELEMENTS (KOHA) | |
| Source of classification or shelving scheme | Library of Congress Classification |
| Koha item type | Long Loan Book |
| Withdrawn status | Lost status | Source of classification or shelving scheme | Damaged status | Not for loan | Collection | Home library | Current library | Date acquired | Inventory number | Total checkouts | Full call number | Barcode | Date last seen | Copy number | Price effective from | Koha item type |
|---|---|---|---|---|---|---|---|---|---|---|---|---|---|---|---|---|
| Library of Congress Classification | Science & Technology | Kisii University Library | Kisii University Library | 03/03/2026 | 112368 | QD 35 .M35 2025 V.10 | A000361 | 03/03/2026 | 1 | 03/03/2026 | Long Loan Book | |||||
| Library of Congress Classification | Science & Technology | Kisii University Library | Kisii University Library | 03/03/2026 | 112369 | QD 35 .M35 2025 V.10 | A000362 | 03/03/2026 | 2 | 03/03/2026 | Long Loan Book | |||||
| Library of Congress Classification | Science & Technology | Kisii University Library | Kisii University Library | 03/03/2026 | 112370 | QD 35 .M35 2025 V.10 | A000364 | 03/03/2026 | 3 | 03/03/2026 | Long Loan Book | |||||
| Library of Congress Classification | Science & Technology | Kisii University Library | Kisii University Library | 03/03/2026 | 112371 | QD 35 .M35 2025 V.10 | A000366 | 03/03/2026 | 4 | 03/03/2026 | Long Loan Book | |||||
| Library of Congress Classification | Science & Technology | Kisii University Library | Kisii University Library | 03/03/2026 | 112372 | QD 35 .M35 2025 V.10 | A000363 | 03/03/2026 | 5 | 03/03/2026 | Long Loan Book | |||||
| Library of Congress Classification | Science & Technology | Kisii University Library | Kisii University Library | 03/03/2026 | 112373 | QD 35 .M35 2025 V.10 | A000365 | 03/03/2026 | 6 | 03/03/2026 | Long Loan Book |